Merhamet / (Kayıt no. 9508)
[ düz görünüm ]
| 000 -BAŞLIK | |
|---|---|
| Sabit Uzunluktaki Kontrol Alanı | 00523nam a22001937a 4500 |
| 003 - KONTROL NUMARASI KİMLİĞİ | |
| Kontrol Alanı | KOHA_MİRAKIL |
| 005 - EN SON İŞLEM TARİHİ ve ZAMANI | |
| Kontrol Alanı | 20251118083841.0 |
| 008 - SABİT UZUNLUKTAKİ VERİ ÖGELERİ - GENEL BİLGİ | |
| Sabit Alan | 251118b tu ||||| |||| 00| 0 tur d |
| 020 ## - ISBN - ULUSLARARASI STANDART KİTAP NUMARASI | |
| Isbn | 9786053757139 |
| 040 ## - KATALOGLAMA KAYNAĞI | |
| Özgün Kataloglama Kurumu | TR-AnABB |
| Kataloglama Dili | tur |
| Çeviri Kurumu | TR-AnABB |
| 041 ## - DİL KODU | |
| Metin ya da ses kaydının dil kodu | tur |
| 082 ## - DEWEY ONU SINIFLAMA SİSTEMİ | |
| Sınıflama Numarası | 828.3354 |
| Cutter numarası | LEC 2017 |
| 100 1# - KİŞİ ADI | |
| Yazar Adı (Kişi adı) | Leckie, Ann, |
| 245 10 - ESER ADI BİLDİRİMİ | |
| Başlık | Merhamet / |
| Sorumluluk Bildirimi | Ann Leckie |
| 260 ## - YAYIN, DAĞITIM, VB. | |
| Yayın Yeri | İstanbul : |
| Yayınevi | İthaki Yayınları, |
| Yayın Tarihi | 2017 |
| 300 ## - FİZİKSEL TANIMLAMA | |
| Sayfa, Cilt vb. | 351 sayfa ; |
| Boyutları | 21 cm |
| 650 04 - KONU BAŞLIĞI EK GİRİŞ - KONU TERİMİ | |
| Konusal terim veya coğrafi ad | Amerikan edebiyatı, roman |
| 942 ## - EK GİRİŞ ÖGELERİ (KOHA) | |
| Sınıflama Kaynağı | Dewey Decimal Classification |
| Materyal Türü | Kitap |
| 900 ## - YEREL BİLGİ | |
| Kontrol | Gizem YORULMAZ |
| Geri Çekilme Durumu | Kayıp Durumu | Sınıflandırma Kaynağı | Kredi için değil | Kalıcı Konum | Mevcut Konum | Kayıt Tarih | Toplam Ödünçverme | Yer Numarası | Demirbaş Numarası | Son Görülme Tarihi | Fatura Tarihi | Materyal Türü |
|---|---|---|---|---|---|---|---|---|---|---|---|---|
| Dewey Decimal Classification | Büyükşehir Genç Akademi Batıkent | Büyükşehir Genç Akademi Batıkent | 18/11/2025 | 828.3354 LEC 2017 | ABB125557 | 18/11/2025 | 18/11/2025 | Kitap |
